1375 1694 1003 1203 1065 1889 1773 1943 1010 1793 1091 1955 1750 1231 1225 1250 1265 1452 1386 1577 1376 1007 1486 1887 1491 1609 1951 1100 1740 1966 1391 1566 1161 1927 1673 1998 1970 1198 1955 1953 1765 1027 1124 1415 1461 1829 1598 1509 1412 1305 1939 1133 1308 1365 1417 1708 1878 1898 1863 1866 1694 1175 1089 1050 1119 1586 1659 1968 1051 1230 1649 1651 1673 1529 1861 1860 1088 1846 1720 1679 1251 1898 1984 1877 1197 1503 1044 1373 1702 1253 1296 1116 1148 1562 1857 1708 1505 1017 1471 BCNSPRNW ULIB Ver.6.0+V

เปลี่ยนเป็นภาษาไทย

Change to English
 แสดงรายละเอียดบรรณานุกรม
  กลับหน้าหลัก

Brief Record : Get Marc (ISO 2709) : E-mail record : QR code < ปิดหน้าต่าง
LEADER : 00000nam 2200000uu 4500
001    13399111916
003     ULIB
008    110627s2553||||th 000 0 tha d
020    9786160600878
090    นว.^bว859ค 2553
100 0  วีสาม
245 00 ความรู้สึกดีที่เรียกว่ารัก : เรื่องรักระหว่างใจ/^cวีสาม
250    พิมพ์ครั้งที่ 2
260    กรุงเทพฯ :^bแจ่มใส,^c2553
300    281 หน้า
710 1  แจ่มใส
945    ^p199^l0^i028068
995    ทศพร
999 ^a ใช้งานได้ทุกระบบ
รายการนี้ยังไม่มีแท็ก
คุณยังไม่ได้ล็อกอิน คุณสามารถมีกิจกรรมร่วมกับเว็บไซต์ได้ แต่ต้องล็อกอินก่อน ::
  ล็อกอิน

รายการสื่อสารสนเทศ

ลำดับที่ ประเภท เลขเรียก/บาร์โค้ด สถานที่ สถานะ
- ไม่พบข้อมูล -

รายการใกล้เคียง
    ผู้แต่ง [วีสาม]

BibComment


ยังไม่เคยถูกคอมเมนท์

คอมเมนท์ทรัพยากรรายการนี้
  คอมเมนท์: ความรู้สึกดีที่เร..


 Copyright 2026. Bcnsprnw @Library